La vida en México en el siglo XX : Cuando el cine llegó : 1900-1904 /

Colección que presenta un panorama sintético de la historia política, social y, en menor medida, económica de México en el siglo XX, formado por la serie de cortometrajes documentales de montaje 18 lustros de la vida en México en este siglo (1990-1993) y el mediometraje La última década del siglo ve...

Mô tả đầy đủ

Đã lưu trong:
Chi tiết về thư mục
Tác giả chính: Trujillo Bolio, Iván (idea original)
Tác giả khác: Patiño, Eduardo (producción ejecutiva) (producción ejecutiva), Reyes, Aurelio de los (realización) (realización), Reyes, Aurelio de los (guión) (guión), Pliego, Julio (fotógrafo) (fotógrafo), Aupart, Saúl (montaje) (montaje), Stack, Juan (conducción) (conducción), Gaytán, Francisco (realización) (realización), Pérez Turrent, Tomás (guión) (guión), Gaytán, Francisco (guión) (guión), Rodríguez, Manuel (montaje) (montaje), Castillo, Margarita (conducción) (conducción)
Định dạng: Slide
Ngôn ngữ:Tiếng Tây Ban Nha
Được phát hành: México : UNAM, Dirección General de Actividades Cinematográficas, 1990, c1990
Loạt:(Clásicos del Documental)
(La Vida en México en el Siglo XX ; 1)
Những chủ đề:
Các nhãn: Thêm thẻ
Không có thẻ, Là người đầu tiên thẻ bản ghi này!

MARC

LEADER 00000ngm^a2200000^a^4500
001 000186891
005 20250521000000.0
009 20260310102240.486
037 |a Acervo ITESO - Biblioteca 
041 |a ESP 
082 |a 972. 06  |b DIE V. 1 
100 |a Trujillo Bolio, Iván  |e (idea original) 
240 1 1 |a [Dieciocho lustros de la vida en México en este siglo] 
240 1 1 |a [Dieciocho lustros de la vida en México en este siglo: Y cuando el cine llegó___: 1900-1904] 
240 1 1 |a [Dieciocho lustros de la vida en México en este siglo: Los sueños perdidos: 1905-1909] 
240 1 4 |a [La vida en México en el siglo XX] 
245 1 3 |a La vida en México en el siglo XX :  |b Cuando el cine llegó : 1900-1904 /  |c Idea original y diseño de la serie de I. Trujillo Bolio ; prod. ejecutiva de E. Patiño ; realización de A. de los Reyes. 
246 2 |a Título en la pantalla: La vida en México en el siglo XX: Y cuando el cine llegó___: 1900-1904 
246 2 |a Título en la cubierta: La vida en México en el siglo XX: Cuando el cine llegó___: 1900-1905 
246 2 |a Título en la cubierta: La vida en México en el siglo XX: Los sueños perdidos: 1906-1910 
264 4 |a México :  |b UNAM, Dirección General de Actividades Cinematográficas,  |c 1990, c1990 
264 2 |a México :  |b Eurolatinoamericana [distribución],  |c 2005, c2005 
300 |a 1 DVD sin dato de región  |c (25, 26 min.) 
336 |a imagen móvil bidimensional  |b tdi  |2 rdacontenido 
337 |a video  |b v  |2 rdamedio 
338 |a videodisco  |b vd  |2 rdasoporte 
440 1 |a (Clásicos del Documental) 
440 4 |a (La Vida en México en el Siglo XX ;  |v 1) 
520 |a Colección que presenta un panorama sintético de la historia política, social y, en menor medida, económica de México en el siglo XX, formado por la serie de cortometrajes documentales de montaje 18 lustros de la vida en México en este siglo (1990-1993) y el mediometraje La última década del siglo veinte, producido en 2000 como complemento de este proyecto historiográfico. Esta presentación en DVD, bautizada con el título agrupador La vida en México en el siglo XX, la forman diez discos: los nueve primeros contienen, cada uno, dos de los cortometrajes de 18 lustros y el décimo el trabajo correspondiente al decenio 1990-1999. 
520 |a Y cuando el cine llegó… (1900-1904), realizado por el especialista en el período silente del cine mexicano Aurelio de los Reyes, es una observación a un país al que ha llegado la electricidad y los primeros tranvías eléctricos, florece el pensamiento positivista y al unísono surgen clubes políticos donde se discute la necesidad de cambios, en el contexto del largo régimen presidencial del militar Porfirio Díaz, a través de la mirada de los incipientes empresarios, realizadores y fotógrafos ambulantes de cine, un medio que arribara al país en 1896. Los sueños perdidos (1905-1909), por su parte, muestra a una sociedad testigo del séptimo período de Díaz, preparado para postularse hacia la octava gestión de un régimen en el que sólo una minoría accede al bienestar económico y sus signos de modernización, en tanto las catástrofes naturales se suman a las fisuras que empieza a presentar un sistema sostenido largamente sobre la miseria y explotación y empieza a gestarse una inminente rebelión. 
649 |a XX 
650 |a Documentales 
650 |a Cortometrajes y Mediometrajes Mexicanos 
650 |a Cine Mexicano -  |y 1900-1909 
650 |a Cine Mexicano -  |y 1990-1999 
650 |a Cine Mexicano -  |y Siglo XX 
650 |a Cine Mexicano -  |x Historia y Crítica 
650 |a Modernización -  |z México -  |x Historia 
650 |a Igualdad y Desigualdad -  |z México -  |x Historia 
650 |a Problemas Sociales -  |z México -  |x Historia 
650 |a Historia Social -  |z México 
650 |a Política -  |z México -  |x Historia -  |y Porfirismo, 1876-1911 
650 |a Política -  |z México -  |x Historia -  |y República Liberal, 1867-1911 
650 |a Política -  |z México -  |x Historia -  |y Siglo XX 
650 |a México -  |x Historia -  |y Porfirismo, 1876-1911 
650 |a México -  |x Historia -  |y República Liberal, 1867-1911 
650 |a México -  |x Historia -  |y 1900-1909 
650 |a México -  |x Historia -  |y Siglo XX 
740 3 |a La vida en México en el siglo XX :  |b Los sueños perdidos : 1905-1909 /  |c Idea original y diseño de la serie de I. Trujillo Bolio ; prod. ejecutiva de E. Patiño ; realización de F. Gaytán. 
700 |a Patiño, Eduardo  |e (producción ejecutiva) 
700 |a Reyes, Aurelio de los  |e (realización) 
700 |a Reyes, Aurelio de los  |e (guión) 
700 |a Pliego, Julio  |e (fotógrafo) 
700 |a Aupart, Saúl  |e (montaje) 
700 |a Stack, Juan  |e (conducción) 
700 |a Gaytán, Francisco  |e (realización) 
700 |a Pérez Turrent, Tomás  |e (guión) 
700 |a Gaytán, Francisco  |e (guión) 
700 |a Pliego, Julio  |e (fotógrafo) 
700 |a Rodríguez, Manuel  |e (montaje) 
700 |a Castillo, Margarita  |e (conducción) 
910 |a Fondo General 
920 |a Audiovisuales - DVDs 
940 |a Películas 
905 |a 302 
901 |a 0500123926  |b IT2  |c DVS  |u 20250521 
902 |a https://opac.biblio.iteso.mx/vufind/Record/000186891